Piłkarz Roku w Plebiscycie Tygodnika "Piłka Nożna" 2000-2023 - Statystyki

Ogólne statystyki
  • Ten quiz został rozwiązany 214 razy
    80 od ostatniego zresetowania
  • Średni wynik to 19 z 25
Statystyki odpowiedzi
Rok Zawodnik % Poprawnych
2022 Robert Lewandowski
100%
2021 Robert Lewandowski
100%
2020 Robert Lewandowski
100%
2019 Robert Lewandowski
100%
2017 Robert Lewandowski
100%
2016 Robert Lewandowski
100%
2015 Robert Lewandowski
100%
2014 Robert Lewandowski
100%
2013 Robert Lewandowski
100%
2012 Robert Lewandowski
100%
2011 Robert Lewandowski
100%
2009 Mariusz Lewandowski
97%
2023 Piotr Zieliński
90%
2010 Jakub Błaszczykowski
73%
2008 Jakub Błaszczykowski
73%
2007 Euzebiusz Smolarek
58%
2006 Euzebiusz Smolarek
58%
2005 Euzebiusz Smolarek
58%
2018 Łukasz Fabiański
58%
2001 Emmanuel Olisadebe
56%
2000 Jerzy Dudek
51%
2004 Jacek Krzynówek
46%
2003 Jacek Krzynówek
46%
2002 Maciej Żurawski
46%
2024 Robert Lewandowski
11%
Nie znaleziono quizów pasujących do podanych kryteriów
Rozkład punktacji
Procent ludzi z każdym wynikiem
Percentyl według liczby udzielonych odpowiedzi
Twoja historia wyników
Nie rozwiązałeś tego quizu od ostatniego zresetowania